000 00630nam a2200241Ia 4500
003 OSt
005 20220918222458.0
006 a|||||r|||| 00| 0
007 ta
008 220917b |||||||| |||| 00| 0 eng d
024 _a217,017
037 _cTextual
040 _aARTS
_cARTS
_beng
041 _2eng
_aeng
082 _aR39(Y)xN26, N5
100 _aPutnam Hilary
_911033
245 0 _aPragmatism
_b an open question
260 _aOxford
_bBlackwell
_c2000
300 _axii, 106p
_ccm.
500 _aRep. of 1995
942 _hR39(Y)xN26, N5
_cTEXL
_2CC
999 _c275641
_d275641